| 000 | 01643cam a22004094a 4500 | ||
|---|---|---|---|
| 999 |
_c28581 _d28552 |
||
| 001 | 4521969 | ||
| 003 | EG-ScBUE | ||
| 005 | 20200824103849.0 | ||
| 008 | 990326t2000 maua f b 001 0 eng d | ||
| 020 | _a9780071169806 | ||
| 020 | _a0071169806 (International ed.) | ||
| 035 | _a(DLC) 99027993 | ||
| 040 |
_aDLC _beng _erda _cDLC _dDLC _dEG-ScBUE |
||
| 082 | 0 | 4 |
_a332.0973 _bROS _222 |
| 100 | 1 |
_aRose, Peter S., _eauthor. |
|
| 245 | 1 | 0 |
_aMoney and capital markets : _bfinancial institutions and instruments in a global marketplace / _cPeter S. Rose, Texas A&M University. |
| 250 | _aSeventh edition. | ||
| 250 | _aInternational edition. | ||
| 264 | 1 |
_aBoston : _bMcGraw-Hill Higher Education, _c[2000] |
|
| 264 | 4 | _cc2000 | |
| 300 |
_axxviii, 836 pages : _billustrations ; _c26 cm. |
||
| 336 |
_2rdacontent _atext _btxt |
||
| 337 |
_2rdamedia _aunmediated _bn |
||
| 338 |
_2rdacarrier _avolume _bnc |
||
| 490 | 0 | _aThe IRWIN/McGraw-Hill series in finance, insurance and real estate | |
| 504 | _aIncludes bibliographical references and index. | ||
| 650 | 7 |
_aFinance _zUnited States. _2BUEsh |
|
| 650 | 7 |
_aMoney market _zUnited States. _2BUEsh |
|
| 650 | 7 |
_aCapital market _zUnited States. _2BUEsh |
|
| 653 |
_bBUSECO _cJuly2020 |
||
| 655 |
_vReading book _934232 |
||
| 856 | 4 | 2 |
_3Publisher description _uhttp://www.loc.gov/catdir/description/mh023/99027993.html |
| 856 | 4 | 1 |
_3Table of contents _uhttp://www.loc.gov/catdir/toc/mh023/99027993.html |
| 906 |
_a7 _bcbc _corignew _d1 _eocip _f19 _gy-gencatlg |
||
| 942 |
_2ddc _cBB |
||